000 01945cam a2200385Ki 4500
999 _c1008
_d1008
001 7897159
003 OSt
005 20200312160209.0
008 190115t20182018enkb d 000 1 eng d
010 _abe2019003367
020 _a9781471407277
_qpaperback
035 _a(OCoLC)1086580688
040 _aSALS
_beng
_erda
_cSALS
_dNJB
_dANL
082 0 4 _aFIC BLA
_223
100 1 _aBlack, Holly,
_eauthor.
245 1 4 _aThe cruel prince /
_cHolly Black.
250 _aPaperback edition.
264 1 _aLondon :
_bHot Key Books,
_c2018.
264 4 _c2018.
300 _a370 pages :
_bmap ;
_c20 cm.
336 _atext
_btxt
_2rdacontent
337 _aunmediated
_bn
_2rdamedia
338 _avolume
_bnc
_2rdacarrier
440 _aThe folk of the air ;
_nBook 1.
520 _aOf course I want to be like them. They're beautiful as blades forged in some divine fire. They will live forever ... And Cardan is even more beautiful than the rest. I hate him more than all the others. I hate him so much that sometimes when I look at him, I can hardly breathe. One terrible morning, Jude and her sisters see their parents murdered in front of them. The terrifying assassin abducts all three girls to the world of Faerie, where Jude is installed in the royal court but mocked and tormented by the Faerie royalty for being mortal. As Jude grows older, she realises that she will need to take part in the dangerous deceptions of the fey to ever truly belong. But the stairway to power is fraught with shadows and betrayal. And looming over all is the infuriating, arrogant and charismatic Prince Cardan ...
521 _aAdolescent.
650 0 _aFairies
_vJuvenile fiction.
650 0 _aSisters
_vJuvenile fiction.
650 0 _aOrphans
_vJuvenile fiction.
650 0 _aPrinces
_vJuvenile fiction.
650 0 _aCourts and courtiers
_vJuvenile fiction.
655 7 _aFantasy fiction.
_2lcgft
655 0 _aYoung adult fiction
942 _2ddc
_cFIC